000 00396nam a2200145 i 4500
001 bg
100 1 _aJanke, Włodzimierz.
245 0 _aPróżniowe i półprzewodnikowe elementy elektroniczne.
_nT.1 /
_cW. Janke, W.J. Stepowicz.
260 _aGdynia,
_c1988.
700 1 _aStepowicz, Witold Jerzy.
040 _cBPK
041 _apol
942 _cKS
008 s pl f |000 0 pol
999 _c3858
_d3858
856 _uhttp://koha.tu.koszalin.pl/cgi-bin/koha/opac-detail.pl?biblionumber=3858
_yKatalog online BPK